00940nam a2200277 i 450000100060000000300090000600500170001500700030003200800410003502000180007608000100009408000110010408000160011510000200013124500620015126001130021330000220032649000430034850400340039165000340042565000290045965000360048871000620052483000430058685200330062977604ES-MaACL20250828044828.0t|041026s2003 sp ||||1| spa d a84-7112-485-8 a37.03 a37.034 a371.213:1741 aHaydon, Graham.10aEnseñar valores b: un nuevo enfoque / cGraham Haydon. aMadrid : bMinisterio de Educación, Cultura y Deporte, Secretaría General Técnica : bMorata, c[2003] a222 p. ; c24 cm.1 aEducación infantil y primaria ; v39 aBibliografía: p. [209]-215.17aEducación en valores2embne17aEducación moral2embne14aProfesores-xMoral profesional.1 aEspaña. bMinisterio de Educación, Cultura y Deporte.0 aEducación infantil y primaria ; v39 aES-MaACLjL-28360 bR.134243